[Event "49th WJun"]
[Site "Chotowa POL"]
[Date "2010.08.03"]
[Round "1"]
[White "Aguirre Manzo,L"]
[Black "Huschenbeth,N"]
[Result "0-1"]
[WhiteElo "2203"]
[BlackElo "2459"]
[EventDate "2010.08.03"]

1. e4 c5 2. Nf3 d6 3. d4 cxd4 4. Nxd4 Nf6 5. Nc3 a6 6. Bg5 Nbd7 7. f4 Qc7
8. Qf3 h6 9. Bh4 g5 10. fxg5 hxg5 11. Bxg5 Qc5 12. Be3 Ne5 13. Qe2 Neg4 14.
Bg1 Bh6 15. Ndb5 Qc6 16. Nd4 Qc7 17. h3 Bg5 18. Qc4 Qa5 19. Nf3 Bf4 20. b4
Bg3+ 21. Kd1 Qd8 22. Kc1 Be6 23. Qd3 Rc8 24. Nd5 Bxd5 25. exd5 Rh5 26. Kb2
Ne5 27. Nxe5 Bxe5+ 28. Bd4 Nxd5 29. a3 Qb6 30. Bxe5 Rxe5 31. c4 Qf2+ 32.
Qc2 Qd4+ 33. Ka2 Nc3+ 34. Kb2 Ne2+ 35. Ka2 Rxc4 0-1

[Event "49th WJun"]
[Site "Chotowa POL"]
[Date "2010.08.03"]
[Round "1"]
[White "Dvirnyy,D"]
[Black "Podolsky,A"]
[Result "1/2-1/2"]
[WhiteElo "2457"]
[BlackElo "2190"]
[EventDate "2010.08.03"]

1. e4 e6 2. d4 d5 3. Nc3 dxe4 4. Nxe4 Nd7 5. Nf3 Ngf6 6. Nxf6+ Nxf6 7. c3
c5 8. Ne5 Qd5 9. Qa4+ Bd7 10. Nxd7 Nxd7 11. Be3 a6 12. dxc5 Bxc5 13. Rd1
Qc6 14. Qxc6 bxc6 15. Rxd7 Bxe3 16. Rc7 Bg5 17. Rxc6 a5 18. Rc5 Bd8 19.
Bb5+ Ke7 20. Ke2 Bb6 21. Rc6 Rab8 22. Rd1 g5 23. a4 h5 24. b4 g4 25. Rd3 h4
26. Rc4 f5 27. Rc6 Rhd8 28. Rxd8 Bxd8 29. h3 Rb7 30. hxg4 fxg4 31. Rc4 Rc7
32. Bc6 h3 33. gxh3 gxh3 34. b5 Kf8 35. Rd4 Bf6 36. Rd3 h2 37. Rh3 Bxc3 38.
Rxh2 Ke7 39. Kd3 Be5 40. Rh5 Kd6 41. Ke4 Bf6 42. Rh6 Rf7 43. f4 Bd8 44. Be8
Re7 45. Bh5 Kc5 46. Bg4 Kb4 47. Rxe6 Rxe6+ 48. Bxe6 Kxa4 49. Bd7 Kb4 50.
Kd5 a4 51. Kc6 Kc4 52. Be6+ Kd4 53. Kd7 Bb6 54. Kd6 Ke4 55. f5 Bd4 56. Ke7
Ke5 57. f6 Bc5+ 58. Kf7 1/2-1/2

[Event "49th WJun"]
[Site "Chotowa POL"]
[Date "2010.08.03"]
[Round "1"]
[White "Pecha,T"]
[Black "Delorme,Ax"]
[Result "0-1"]
[WhiteElo "2187"]
[BlackElo "2455"]
[EventDate "2010.08.03"]

1. e4 e5 2. Nf3 Nc6 3. Bb5 a6 4. Ba4 Nf6 5. O-O b5 6. Bb3 Bb7 7. d3 Bd6 8.
a3 O-O 9. Nc3 h6 10. h3 Re8 11. Re1 Bf8 12. Bd2 d6 13. Nd5 Nb8 14. Ba5 Nxd5
15. Bxd5 Bxd5 16. exd5 Qc8 17. c4 Nd7 18. Rc1 Qb7 19. b4 Rac8 20. a4 Nf6
21. Nd2 c5 22. Rb1 Qd7 23. axb5 axb5 24. bxc5 dxc5 25. Bc3 Bd6 26. f4 bxc4
27. dxc4 exf4 28. Bxf6 gxf6 29. Qh5 Kg7 30. Nf3 Rg8 31. Nh4 Kh7 32. Qf5+
Qxf5 33. Nxf5 Rcd8 34. Rb6 Bf8 35. Rxf6 Rd7 36. Nh4 Bd6 37. Nf5 Bf8 38. Re8
Ra7 39. Nh4 Bg7 40. Rxg8 Bxf6 41. Rg4 Be5 42. Nf5 h5 43. Rh4 Kg6 44. g4
fxg3 45. Ne3 Bd4 46. Re4 Ra3 47. d6 Bxe3+ 48. Kg2 Bg5 49. Re5 Rd3 50. Rxc5
0-1

[Event "49th WJun"]
[Site "Chotowa POL"]
[Date "2010.08.03"]
[Round "1"]
[White "Drnovsek,N"]
[Black "Baryshpolets,A"]
[Result "0-1"]
[WhiteElo "2173"]
[BlackElo "2450"]
[EventDate "2010.08.03"]

1. d4 Nf6 2. c4 g6 3. Nc3 Bg7 4. g3 O-O 5. Bg2 d6 6. Nf3 Nbd7 7. O-O e5 8.
e4 c6 9. h3 exd4 10. Nxd4 Qb6 11. Re1 Re8 12. Nf3 Nc5 13. Qc2 Qb4 14. Bf1
Nfd7 15. Bf4 Ne5 16. Nxe5 dxe5 17. Bd2 Ne6 18. Ne2 Qf8 19. Rad1 Bh6 20. Bg2
c5 21. Nc3 Nd4 22. Qd3 Bxd2 23. Qxd2 Be6 24. Nd5 Bxd5 25. exd5 f5 26. a3 a5
27. b4 axb4 28. axb4 b6 29. Qb2 Qd6 30. Ra1 Rxa1 31. Rxa1 cxb4 32. Kh1 Qc5
33. Rd1 Qxc4 34. Rc1 Qe2 35. Qxe2 Nxe2 36. Rb1 Rd8 37. Rxb4 Rd6 38. Rc4 Kf8
39. Rc7 h6 40. Bf1 Nd4 41. Rb7 e4 42. h4 g5 43. hxg5 hxg5 44. Bc4 Rh6+ 0-1

[Event "49th WJun"]
[Site "Chotowa POL"]
[Date "2010.08.03"]
[Round "1"]
[White "Potapov,P"]
[Black "Green,An"]
[Result "1-0"]
[WhiteElo "2445"]
[BlackElo "2172"]
[EventDate "2010.08.03"]

1. e4 Nf6 2. e5 Nd5 3. d4 d6 4. Nf3 dxe5 5. Nxe5 c6 6. c4 Nb4 7. Na3 Bf5 8.
Be2 Nd7 9. Nf3 e6 10. O-O Be7 11. Bd2 Qc7 12. c5 Nd5 13. Nc4 O-O 14. b4 b5
15. cxb6 axb6 16. Qb3 N7f6 17. Rfc1 Qb7 18. a4 Ne4 19. Be1 g6 20. Nh4 Rfd8
21. Ne3 Qd7 22. Nhxf5 gxf5 23. b5 1-0

[Event "49th WJun"]
[Site "Chotowa POL"]
[Date "2010.08.03"]
[Round "1"]
[White "Swiech,Pr"]
[Black "Sieciechowicz,M"]
[Result "1/2-1/2"]
[WhiteElo "2166"]
[BlackElo "2445"]
[EventDate "2010.08.03"]

1. d4 d5 2. c4 c6 3. Nc3 Nf6 4. Nf3 e6 5. e3 Nbd7 6. Bd3 dxc4 7. Bxc4 b5 8.
Bd3 Bb7 9. O-O b4 10. Ne4 Be7 11. Qc2 Qb6 12. Nxf6+ Nxf6 13. e4 c5 14. Ne5
cxd4 15. Qa4+ Kf8 16. Bg5 Kg8 17. Rac1 h6 18. Bf4 g5 19. Nd7 Nxd7 20. Qxd7
gxf4 21. Qxe7 Rh7 22. Rc7 Ba6 23. Rfc1 Rg7 24. R7c6 Qb7 25. Qxb7 Bxb7 26.
Rc7 Rb8 27. Rd7 f5 28. Rxg7+ Kxg7 29. exf5 Rc8 30. Rxc8 Bxc8 31. fxe6 Bxe6
32. a3 bxa3 33. bxa3 Kf6 34. Kf1 Ke5 35. Ke2 Bd5 36. g3 f3+ 37. Kd2 Be6
1/2-1/2

[Event "49th WJun"]
[Site "Chotowa POL"]
[Date "2010.08.03"]
[Round "1"]
[White "Lewicki,M"]
[Black "Arnold,Mar"]
[Result "1-0"]
[WhiteElo "2149"]
[BlackElo "2432"]
[EventDate "2010.08.03"]

1. e4 c5 2. Nf3 d6 3. d4 cxd4 4. Nxd4 Nf6 5. Nc3 a6 6. Bg5 e6 7. f4 Nbd7 8.
Qf3 Qc7 9. O-O-O Be7 10. g4 b5 11. Bxf6 Nxf6 12. g5 Nd7 13. a3 Nb6 14. Rg1
Bd7 15. f5 e5 16. Nb3 f6 17. Qh5+ Kf8 18. h4 Be8 19. Qg4 Bf7 20. Nd5 Nxd5
21. exd5 Bd8 22. Qe4 Be8 23. Nd2 Qa7 24. Rg3 Bb6 25. Qf3 Bf7 26. Ne4 Ke7
27. Qg4 Rag8 28. Rc3 h5 29. Qg3 Bd4 30. Rc6 Bxd5 31. Rxd6 Bxe4 32. R1xd4
Bxf5 33. Bh3 exd4 34. Bxf5 Qc7 35. Qe1+ Kf8 36. Bg6 1-0

[Event "49th WJun"]
[Site "Chotowa POL"]
[Date "2010.08.03"]
[Round "1"]
[White "Swapnil,SD"]
[Black "Lukovic,V"]
[Result "1-0"]
[WhiteElo "2426"]
[BlackElo "2130"]
[EventDate "2010.08.03"]

1. d4 d5 2. c4 c6 3. Nc3 Nf6 4. e3 a6 5. Nf3 b5 6. c5 Nbd7 7. a3 a5 8. Qc2
Qc7 9. e4 dxe4 10. Nxe4 Nxe4 11. Qxe4 Nf6 12. Qe5 Qxe5+ 13. Nxe5 Bb7 14. a4
b4 15. Bc4 Nd5 16. O-O f6 17. Nf3 Ba6 18. Bxd5 cxd5 19. Re1 Kd7 20. Bf4 Bb7
21. Re2 g5 22. Bg3 h5 23. h3 Bc6 24. b3 Ra6 25. h4 g4 26. Ne1 Kd8 27. Nd3
Be8 28. Rc1 Bh6 29. Rce1 Bg6 30. Rxe7 Bxd3 31. Rb7 Bf5 32. Bc7+ Kc8 33.
Rb8+ Kxc7 34. Rxh8 1-0